000 00541nam a2200181 a 4500
001 54551
005 20180714045435.0
008 140415s1984 000 0 spa d
041 _aspa
082 _a370.193
_bPOS
100 1 _aPOSTMAN, NEIL
245 1 3 _aLA ENSEƑANZA COMO ACTIVIDAD DE CONSERVACION DE LA CULTURA
260 _a[s.l.] :
_bEDICIONES ROCA,
_c1984
300 _a260
490 _aROCA PEDAGOGIA
_v13
650 1 4 _aFINES EDUCATIVOS
_xSOCIOLOGIA DE LA EDUCACION
700 1 _aHIMERFORD DE FRID, LILIAN
_etr.
999 _c54551
_d54551